<?xml version="1.0" encoding="UTF-8"?>
<record
    xmlns:xsi="http://www.w3.org/2001/XMLSchema-instance"
    xsi:schemaLocation="http://www.loc.gov/MARC21/slim http://www.loc.gov/standards/marcxml/schema/MARC21slim.xsd"
    xmlns="http://www.loc.gov/MARC21/slim">

  <leader>01535cgm a22003857a 4500</leader>
  <controlfield tag="005">20140310154326.0</controlfield>
  <controlfield tag="007">vd cgaizm</controlfield>
  <controlfield tag="008">140310t2009    xxk115 e ||||  0| vleng d</controlfield>
  <datafield tag="020" ind1=" " ind2=" ">
    <subfield code="a">5060002836439</subfield>
  </datafield>
  <datafield tag="043" ind1=" " ind2=" ">
    <subfield code="a">a-ii---</subfield>
  </datafield>
  <datafield tag="082" ind1="0" ind2="4">
    <subfield code="2">22</subfield>
    <subfield code="a">791.4372</subfield>
    <subfield code="b">SLU</subfield>
  </datafield>
  <datafield tag="245" ind1="0" ind2="0">
    <subfield code="a">Slumdog millionaire</subfield>
    <subfield code="h">[videorecording] /</subfield>
    <subfield code="c">Pathe Celador Films and Film4, a Celador Films ; produced by Christian Colson ; screenplay by Simon Beaufoy ; directed by Danny Boyle.</subfield>
  </datafield>
  <datafield tag="260" ind1=" " ind2=" ">
    <subfield code="a">[London] :</subfield>
    <subfield code="b">Pathe Productions Limited,</subfield>
    <subfield code="c">c.2009.</subfield>
  </datafield>
  <datafield tag="300" ind1=" " ind2=" ">
    <subfield code="a">1 videodisc (115 min.) :</subfield>
    <subfield code="b">sd., col. ;</subfield>
    <subfield code="c">4 3/4 in.</subfield>
  </datafield>
  <datafield tag="508" ind1=" " ind2=" ">
    <subfield code="a">Director of photography Anthony Dod Mantle ; editor Chris Dickens ; music by A. R. Rahman.</subfield>
  </datafield>
  <datafield tag="511" ind1=" " ind2=" ">
    <subfield code="a">Dev Patel, Freida Pinto, Madhur Mittal.</subfield>
  </datafield>
  <datafield tag="521" ind1=" " ind2=" ">
    <subfield code="a">Suitable only for persons of 15 years and over.</subfield>
  </datafield>
  <datafield tag="586" ind1=" " ind2=" ">
    <subfield code="a">Winner 8 academy awards including best picture &amp; best director.</subfield>
  </datafield>
  <datafield tag="650" ind1=" " ind2="0">
    <subfield code="a">Orphans</subfield>
    <subfield code="z">India</subfield>
    <subfield code="z">Mumbai</subfield>
    <subfield code="v">Drama</subfield>
    <subfield code="9">35476</subfield>
  </datafield>
  <datafield tag="650" ind1=" " ind2="0">
    <subfield code="a">Television quiz shows</subfield>
    <subfield code="z">India</subfield>
    <subfield code="z">Mumbai</subfield>
    <subfield code="v">Drama</subfield>
    <subfield code="9">35477</subfield>
  </datafield>
  <datafield tag="653" ind1=" " ind2=" ">
    <subfield code="b">GGEN</subfield>
    <subfield code="c">March2014</subfield>
  </datafield>
  <datafield tag="700" ind1="1" ind2=" ">
    <subfield code="a">Patel, Dev,</subfield>
    <subfield code="9">35480</subfield>
  </datafield>
  <datafield tag="700" ind1="1" ind2=" ">
    <subfield code="a">Pinto, Freida,</subfield>
    <subfield code="9">35481</subfield>
  </datafield>
  <datafield tag="700" ind1="1" ind2=" ">
    <subfield code="a">Mittal, Madhur,</subfield>
    <subfield code="9">35482</subfield>
  </datafield>
  <datafield tag="700" ind1="1" ind2=" ">
    <subfield code="a">Mantle, Anthony Dod,</subfield>
    <subfield code="9">35483</subfield>
  </datafield>
  <datafield tag="700" ind1="1" ind2=" ">
    <subfield code="a">Dickens, Chris</subfield>
    <subfield code="9">35484</subfield>
  </datafield>
  <datafield tag="700" ind1="1" ind2=" ">
    <subfield code="a">Rahman, A. R.,</subfield>
    <subfield code="9">35485</subfield>
  </datafield>
  <datafield tag="700" ind1="1" ind2=" ">
    <subfield code="a">Boyle, Danny,</subfield>
    <subfield code="9">35486</subfield>
  </datafield>
  <datafield tag="700" ind1="1" ind2=" ">
    <subfield code="a">Beaufoy, Simon,</subfield>
    <subfield code="9">35487</subfield>
  </datafield>
  <datafield tag="700" ind1="1" ind2=" ">
    <subfield code="a">Colson, Christian,</subfield>
    <subfield code="9">35488</subfield>
  </datafield>
  <datafield tag="710" ind1="2" ind2=" ">
    <subfield code="a">Celador Films</subfield>
    <subfield code="9">35489</subfield>
  </datafield>
  <datafield tag="710" ind1="2" ind2=" ">
    <subfield code="9">35490</subfield>
    <subfield code="a">FilmFour (Firm)</subfield>
  </datafield>
  <datafield tag="710" ind1="2" ind2=" ">
    <subfield code="a">Pathe Celador Films</subfield>
    <subfield code="9">35492</subfield>
  </datafield>
  <datafield tag="942" ind1=" " ind2=" ">
    <subfield code="2">ddc</subfield>
    <subfield code="c">DVD</subfield>
    <subfield code="k">791.4372 SLU</subfield>
  </datafield>
  <datafield tag="999" ind1=" " ind2=" ">
    <subfield code="c">18099</subfield>
    <subfield code="d">18071</subfield>
  </datafield>
  <datafield tag="952" ind1=" " ind2=" ">
    <subfield code="0">0</subfield>
    <subfield code="1">0</subfield>
    <subfield code="2">ddc</subfield>
    <subfield code="4">0</subfield>
    <subfield code="7">0</subfield>
    <subfield code="8">Baccah</subfield>
    <subfield code="a">MAIN</subfield>
    <subfield code="b">MAIN</subfield>
    <subfield code="c">2ND</subfield>
    <subfield code="d">2014-03-10</subfield>
    <subfield code="g">159.00</subfield>
    <subfield code="l">1</subfield>
    <subfield code="o">791.4372 SLU</subfield>
    <subfield code="p">000035682</subfield>
    <subfield code="r">2022-08-24 00:00:00</subfield>
    <subfield code="s">2019-09-22</subfield>
    <subfield code="v">198.75</subfield>
    <subfield code="y">CDVDWBB</subfield>
  </datafield>
</record>
